Largest cities of Libya Quiz Stats

 Plays Quiz not verified by Sporcle

Challenge
Share
Tweet
Score 0/20 Timer 08:00
0 Plays Today
# City % Correct
1Tripoli
96.9%
2Benghazi
92.5%
3Misrata
84.2%
9Surt
80.5%
4Tobruk
76%
5Sabha
73.6%
12Darnah
60.6%
7Az-Zawiyah
56.5%
11Al-Marj
52.1%
16Hun
52.1%
# City % Correct
18Nalut
51%
6Bani Walid
50.3%
10Al-Bayda
50.3%
8Ajdabiya
46.6%
14Gharyan
45.9%
17Al-Khums
44.9%
13Zuwarah
36.6%
19Awbari
27.7%
15Al-Abyar
26.7%
20Al-Jumayl
26.7%

You're not logged in!

Compare scores with friends on all Sporcle quizzes.
Join for Free
OR
Log In

You Might Also Like...

Show Comments

Extras

Top Quizzes Today


Score Distribution

Your Account Isn't Verified!

In order to create a playlist on Sporcle, you need to verify the email address you used during registration. Go to your Sporcle Settings to finish the process.

Report this User

Report this user for behavior that violates our Community Guidelines.

Details: